<?xml version="1.0" encoding="UTF-8"?><?xml-stylesheet type="text/xsl" href="static/style.xsl"?><OAI-PMH xmlns="http://www.openarchives.org/OAI/2.0/" xmlns:xsi="http://www.w3.org/2001/XMLSchema-instance" xsi:schemaLocation="http://www.openarchives.org/OAI/2.0/ http://www.openarchives.org/OAI/2.0/OAI-PMH.xsd"><responseDate>2026-04-17T07:42:36Z</responseDate><request verb="GetRecord" identifier="oai:www.recercat.cat:10256/26169" metadataPrefix="marc">https://recercat.cat/oai/request</request><GetRecord><record><header><identifier>oai:recercat.cat:10256/26169</identifier><datestamp>2025-02-04T06:06:09Z</datestamp><setSpec>com_2072_452955</setSpec><setSpec>com_2072_2054</setSpec><setSpec>col_2072_453072</setSpec></header><metadata><record xmlns="http://www.loc.gov/MARC21/slim" xmlns:dcterms="http://purl.org/dc/terms/" xmlns:xsi="http://www.w3.org/2001/XMLSchema-instance" xmlns:doc="http://www.lyncode.com/xoai" xsi:schemaLocation="http://www.loc.gov/MARC21/slim http://www.loc.gov/standards/marcxml/schema/MARC21slim.xsd">
   <leader>00925njm 22002777a 4500</leader>
   <datafield ind2=" " ind1=" " tag="042">
      <subfield code="a">dc</subfield>
   </datafield>
   <datafield ind2=" " ind1=" " tag="720">
      <subfield code="a">Senar Morera, Fernando</subfield>
      <subfield code="e">author</subfield>
   </datafield>
   <datafield ind2=" " ind1=" " tag="720">
      <subfield code="a">Janés, Judit</subfield>
      <subfield code="e">author</subfield>
   </datafield>
   <datafield ind2=" " ind1=" " tag="720">
      <subfield code="a">Serrat Sellabona, Isabel</subfield>
      <subfield code="e">author</subfield>
   </datafield>
   <datafield ind2=" " ind1=" " tag="720">
      <subfield code="a">Huguet, Àngel</subfield>
      <subfield code="e">author</subfield>
   </datafield>
   <datafield ind2=" " ind1=" " tag="260">
      <subfield code="c">2024-02-28</subfield>
   </datafield>
   <datafield ind2=" " ind1=" " tag="520">
      <subfield code="a">The linguistic interdependence hypothesis posits the existence of language features common to different languages. This set of characteristics, known as Common Underlying Proficiency (CUP), is a powerful facilitating agent in second language acquisition. Fluid intelligence (Gf), on the other hand, is the construct that encompasses those cognitive resources devoted to general learning, and its involvement in second language acquisition is unproven. The aim of this study is to determine the direct and interactive effect of L1 knowledge and Gf on second language acquisition in language immersion learners across different linguistic domains. The study analyzed the proficiency of 131 Romanian students in Spanish and Catalan, the official languages of Catalonia. Mixed-effects regression models were used to analyze lexical, morphosyntactic, and orthographic aspects. The results were obtained using mixed-effects regression models, revealing a particularly noticeable interdependence effect in lexical, morphosyntactic, and orthographic aspects, with differences between Catalan and Spanish. Furthermore, Gf had an impact on the morphosyntactic component with similar intensity for both languages but did not moderate the interdependence effect. The study discusses the possible causes of these effects, as well as their psycho-pedagogical consequences</subfield>
   </datafield>
   <datafield ind1="8" ind2=" " tag="024">
      <subfield code="a">http://hdl.handle.net/10256/26169</subfield>
   </datafield>
   <datafield tag="653" ind2=" " ind1=" ">
      <subfield code="a">Llengua segona -- Adquisició</subfield>
   </datafield>
   <datafield tag="653" ind2=" " ind1=" ">
      <subfield code="a">Second language acquisition</subfield>
   </datafield>
   <datafield tag="653" ind2=" " ind1=" ">
      <subfield code="a">Immersió lingüística</subfield>
   </datafield>
   <datafield tag="653" ind2=" " ind1=" ">
      <subfield code="a">Immersion method (Language teaching)</subfield>
   </datafield>
   <datafield ind2="0" ind1="0" tag="245">
      <subfield code="a">Assessing the relationship between L1 knowledge and fluid intelligence in second language acquisition: the case of immigrant students in Catalonia.</subfield>
   </datafield>
</record></metadata></record></GetRecord></OAI-PMH>